Languages to Flags - Statistics

General Stats
  • This quiz has been taken 30 times
  • The average score is 14 of 18
Answer Stats
Hint Explanation Answer % Correct
Ukrainian Ukraine
100%
Hebrew Israel
100%
Korean North Korea
95%
Serbian Serbian
95%
Romanian Moldova
95%
Māori New Zealand
91%
Spanish Argentina
91%
Arabic Qatar
86%
German Austria
86%
Kyrgyz Kyrgyzstan
82%
Greek Cyprus
82%
French Canada
73%
Tigrinya Eritrea
64%
Portuguese Mozambique
64%
Dzongkha Bhutan
59%
Dutch Suriname
55%
Tamil Singapore
55%
Hausa Niger
50%
No matching quizzes found
Score Distribution
Percent of People with Each Score
Percentile by Number Answered
Your Score History
You have not taken this quiz